00796 2200229 4500001002100000005001500021035002000036007000300056008004100059020002200100082001000122084001600132100001200148245005200160250002600212260004900238300002200287500010400309650002000413700012100433990001200554INLIS00000000000994120260505010256 a0010-0526000004ta260505 g 0 ind  a978-979-29-0377-5 a005.5 a005.5 MAD m0 aMADCOMS1 aMicrosoft Excel 2007 Pemrograman VBA /cMADCOMS aEd. I (Edisi Pertama) aYogyakarta & Madiun :bANDI & MADCOMS,c2008 a208 ;c16 x 23 cm aDiterbitkan atas kerjasama Penerbit ANDI Yogyakarta dengan MADCOMS. Hak Cipta © 2008 pada MADCOMS. 4aMicrosoft Excel0 aDewibertha Hardjono (Editor), Sri Mulanto (Setting), Leo Agung / Bowo (Desain Cover), Dee Setiawan / Alek (Korektor) a2026430